Planning Act latest (Record no. 81674)

MARC details
000 -LEADER
fixed length control field 00953cab a22002175a 4500
001 - CONTROL NUMBER
control field E147900
008 - FIXED-LENGTH DATA ELEMENTS--GENERAL INFORMATION
fixed length control field 090630e20090615xxk 000 0 eng d
035 ## - SYSTEM CONTROL NUMBER
System control number (Sirsi) u147900
041 0# - LANGUAGE CODE
Language code of text/sound track or separate title eng
100 1# - MAIN ENTRY--PERSONAL NAME
Personal name Smith, Colin
245 00 - TITLE STATEMENT
Title Planning Act latest
Medium [electronic resource]
260 ## - PUBLICATION, DISTRIBUTION, ETC.
Date of publication, distribution, etc. 2009
490 ## - SERIES STATEMENT
Series statement RICS Feature
Volume/sequential designation 15 June 2009
520 ## - SUMMARY, ETC.
Summary, etc. Sets out the changes in the Scottish planning system which will be brought about by the implementation of the Planning etc. (scotland) Act 2006. Looks at hierarchy of development and statutory pre-application consultation; planning appeals; front loading development plan objections, and culture change.
590 ## - LOCAL NOTE (RLIN)
Local note KA
650 24 - SUBJECT ADDED ENTRY--TOPICAL TERM
Topical term or geographic name entry element PLANNING ETC. (SCOTLAND) ACT 2006
651 #4 - SUBJECT ADDED ENTRY--GEOGRAPHIC NAME
Geographic name Scotland
Chronological subdivision 1999-
690 ## - LOCAL SUBJECT ADDED ENTRY--TOPICAL TERM (OCLC, RLIN)
Topical term or geographic name as entry element Planning and development
9 (RLIN) 6259
856 40 - ELECTRONIC LOCATION AND ACCESS
Uniform Resource Identifier <a href="https://www.rics.org/RICSWEB/getpage.aspx?p=xcU07hWZiUecgg-6RQOdpQ">https://www.rics.org/RICSWEB/getpage.aspx?p=xcU07hWZiUecgg-6RQOdpQ</a>
Public note View the article free of charge at www.rics.org...
942 ## - ADDED ENTRY ELEMENTS (KOHA)
Suppress in OPAC 0
Holdings
Withdrawn status Lost status Source of classification or shelving scheme Damaged status Not for loan Home library Current library Shelving location Date acquired Total Checkouts Full call number Barcode Date last seen Copy number Price effective from Koha item type
    Dewey Decimal Classification     Virtual Virtual Online 30/06/2009   ONLINE PUBLICATION 147900-2001 06/08/2019 1 06/08/2019 Journal article